| 000 | 00612nam a2200241 a 4500 | ||
|---|---|---|---|
| 001 | BRL_295 | ||
| 005 | 20190320210656.0 | ||
| 008 | 230713s1991----sp-#######---#000-0#spa-# | ||
| 020 | _a8440619588 | ||
| 041 | _aspa | ||
| 044 | _asp | ||
| 050 | 4 |
_aTX716 _b.B47 1991 |
|
| 100 | 1 |
_aBernhard, Genoveva _923484 |
|
| 245 | 1 | 0 |
_aUn menú para cada día _cGenoveva Bernhard. |
| 260 |
_aEspaña _bEdiciones Grupo Zeta _c1991 |
||
| 300 |
_a670 p. _c18 cm. |
||
| 500 | _aIncluye índice alfabético | ||
| 500 | _aAu2339 | ||
| 650 | 1 | 4 |
_aCocina _95735 |
| 650 | 1 | 4 |
_aRecetarios _923131 |
| 902 | _aGRL | ||
| 942 |
_2lcc _cB |
||
| 999 |
_c9108 _d9108 |
||